Пропуск в контексте

Управление. Научно-практический журнал, 2014, №1 (3) Журнал

Сохранить в:
書目詳細資料
格式: Журнал
版:1
在線閱讀:https://znanium.com/catalog/document?id=178800
https://znanium.com/cover/0463/463247.jpg
標簽: 添加標簽
沒有標簽, 成為第一個標記此記錄!
LEADER 01020nam0a2200205 i 4500
001 RU\infra-m\znanium\bibl\463247
003 https://znanium.com/catalog/document?id=178800
005 20211203000000.0
100 |a 20211203d2014 m y0rusy0150 ca 
101 0 |a rus 
102 |a RU 
200 1 |a Управление. Научно-практический журнал, 2014, №1 (3)  |e Журнал 
205 |a 1 
210 1 |a Москва  |c ООО "Научно-издательский центр ИНФРА-М"  |d 2014 
215 |a 78 с. 
333 |a Дополнительное профессиональное образование 
608 |a Журнал  |2 local 
801 0 |a RU  |b Общество с ограниченной ответственностью «ЗНАНИУМ»  |c 20140402  |2 rusmarc 
856 4 |a znanium.com  |m ebs_support@infra-m.ru  |n НИЦ ИНФРА-М  |u https://znanium.com/catalog/document?id=178800 
856 4 1 |a znanium.com  |d /cover/0463  |f 463247.jpg  |q image/jpeg  |u https://znanium.com/cover/0463/463247.jpg